000
00290nam a22001217a 4500
999
_c
7953
_d
7954
008
190507b ||||| |||| 00| 0 eng d
082
_a
519.5 A65a 2019
245
_a
Applied Statistics with R.
260
_c
2019.
300
_a
369 p.
_c
30 cm.
650
_a
applies statistics.
942
_2
ddc